00678nam a22002177a 450000500170000001000260001702000260004303500140006903500180008303700130010103700130011408200130012710000270014024500870016725000120025426000320026627000860029830000300038470000230041470000230043720180205113857.0 a1718EN-30 ENG-121837 a9789332542211c829.00 aEN-105369 aB-683987-4000 bBSBadpl bDBAD/PUB a658.1511 aHorngren, Charles T.  aCost accounting / cby Charles T. Horngren, Srikant M. Datar[and] Madhav V. Rajan  a15th ed c2017aNoida bPearson India a15th Floor,, Tower-B, World Trade, Plot No.1, Block-C, Sector-16,bNoida e201301 c23cm(pbk)a1278p. :bill. aDatar, Srikant M.  aRajan, Madhav V.